| 000 | 00677nam a2200241 i 4500 | ||
|---|---|---|---|
| 001 | 106140 | ||
| 003 | ES-MaACL | ||
| 005 | 20250512063031.0 | ||
| 007 | t| | ||
| 008 | 061003s1946 fr ||||1| fre d | ||
| 080 | _a330.85 | ||
| 080 | _a141.82 | ||
| 100 | 1 |
_aTrotsky, Leon, _d1879-1940 _9240350 |
|
| 245 | 1 | 3 |
_aLe marxisme et notre epoque / _cLeoan Trotsky. |
| 260 |
_a[S.l.] : _bPionniers, _c1946. |
||
| 300 |
_a38 p. ; _c21 cm. |
||
| 490 | 1 | _aCollection marxiste | |
| 500 | _aBiblioteca Juan Andrade. | ||
| 650 | 1 | 4 |
_aMarxismo. _914803 |
| 830 | 0 |
_aCollection marxiste _9232820 |
|
| 852 |
_aES-MaACL _jAND-Fol-10 _bR.110289 |
||
| 999 |
_c106140 _d106140 |
||